000 00712nam a2200229 i 4500
001 106674
003 ES-MaACL
005 20230906184233.0
007 t|
008 061214s1992 fr ||||1| fre d
020 _a2-7413-0018-6
080 _a929 Isabel (460) I
080 _a94(460)"1474/1516"
100 1 _aDumont, Jean.
_946008
245 1 2 _aL'"incomparable" Isabelle La Catholique /
_cJean Dumont.
260 _aParis :
_bCriterion,
_c[1992]
300 _a235 p. ;
_c24 cm.
500 _aBiblioteca Jacinto Martínez Lacalle.
600 0 4 _aIsabel
_bI,
_cReina de Castilla.
_9175419
651 _aEspaña-
_xHistoria-
_y1474-1516, Reyes Católicos.
_98222
852 _aES-MaACL
_jE-11429
_bR.139037
999 _c106674
_d106674